000 00421nam a2200181Ia 4500
005 20250603144906.0
008 250603s9999 xx 000 0 und d
020 _a9789380027067
050 _aGE 10 .S65/
100 _aSrivastava, Smriti
245 0 _aEnvironment and Ecology
260 _aNew Delhi
260 _bS. K. Kataria & Sons
260 _c2013
300 _a269 p
650 _aNew Delhi
942 _cBK
999 _c40258
_d40258